书目信息 |
| 题名: |
国宝的故事
|
|
| 作者: | 程方勇 著 | |
| 分册: | ||
| 出版信息: | 北京 光明日报出版社 2005 |
|
| 页数: | 197页 | |
| 开本: | 23cm | |
| 丛书名: | 彩色人文故事 | |
| 单 册: | ||
| 中图分类: | K87-49 | |
| 科图分类: | ||
| 主题词: | 历史文物--中国--通俗读物 , 历史文物 | |
| 电子资源: | ||
| ISBN: | 7-80145-981-4 | |
| 000 | 00909oam2 2200265 450 | |
| 001 | 002988626 | |
| 005 | 20061123143453.43 | |
| 010 | @a7-80145-981-4@dCNY29.80 | |
| 100 | @a20050616d2005 em y0chiy0110 ea | |
| 101 | 0 | @achi |
| 102 | @aCN@b110000 | |
| 105 | @aa z 000yy | |
| 200 | 1 | @a国宝的故事@9guo bao de gu shi@dStories of national treasure@f程方勇著@zeng |
| 210 | @a北京@c光明日报出版社@d2005 | |
| 215 | @a197页@c图@d23cm | |
| 225 | 2 | @a彩色人文故事 |
| 330 | @a本书讲述了“北京人”头盖骨、司母戊大方鼎、秦始皇陵兵马俑、《清明上河图》等26件稀世国宝的传奇故事,详尽地介绍它们的制作、流传和发现过程,全面地展现其历史价值。 | |
| 461 | 0 | @12001 @a彩色人文故事 |
| 510 | 1 | @aStories of national treasure@zeng |
| 606 | 0 | @a历史文物@y中国@j通俗读物 |
| 606 | 0 | @a历史文物 |
| 690 | @aK87-49@v4 | |
| 701 | 0 | @a程方勇@9cheng fang yong@4著 |
| 801 | 0 | @aCN@bNLC@c20061123 |
| 905 | @a10447@dK87-49@e206 | |
| 国宝的故事=Stories of national treasure/程方勇著.-北京:光明日报出版社,2005 |
| 197页:图;23cm.-(彩色人文故事) |
| ISBN 7-80145-981-4:CNY29.80 |
| 本书讲述了“北京人”头盖骨、司母戊大方鼎、秦始皇陵兵马俑、《清明上河图》等26件稀世国宝的传奇故事,详尽地介绍它们的制作、流传和发现过程,全面地展现其历史价值。 |
| ● |
| 相关链接 |
|
|
|
|
正题名:国宝的故事
索取号:K87-49/206
 
预约/预借
| 序号 | 登录号 | 条形码 | 馆藏地/架位号 | 状态 | 备注 |
| 1 | 0390606 | 203906069 | 第二样本阅览室/ [索取号:K87-49/206] | 在馆 | |
| 2 | 0390607 | 203906078 | 第二借阅区/ [索取号:K87-49/206] | 在馆 | |
| 3 | 0390608 | 203906087 | 第二借阅区/ [索取号:K87-49/206] | 在馆 | |
| 4 | 0390609 | 203906096 | 第二借阅区/ [索取号:K87-49/206] | 在馆 | |
| 5 | 0390610 | 203906103 | 第二借阅区/ [索取号:K87-49/206] | 在馆 |